Music Quiz

Random Music or Rock Quiz
Score 0/300 Timer 20:00
1 Play Today
Hint Word % Correct
Rolling Stones Singer JaggerMICK
95.7%
'Sweet ____ Alabama' - Lynyrd SkynyrdHOME
92.8%
'Bleeding ____' - Leona LewisLOVE
92.5%
Music GenreROCK
92.4%
Music Producer 'Bob ____'ROCK
92.4%
'Hungry ____ The Wolf' - Duran DuranLIKE
91.9%
'(Sittin' On) The ____ Of The Bay' - Otis ReddingDOCK
91.4%
'Baby, It's ____ Outside' - written by Frank LoesserCOLD
91.1%
Not played from a recordingLIVE
91.1%
'Magic Carpet ____' - SteppenwolfRIDE
91%
'8 ____' - Eminem filmMILE
89.3%
Jazz singer/pianist 'Nat King ____'COLE
89.3%
'Love Is Just A Four-Letter ____' - Joan BaezWORD
88.4%
Australian band 'Men At ____'WORK
88.1%
'Rum & Coca-____'- Andrews SistersCOLA
87.4%
Performing on one's ownSOLO
87.2%
English rock/pop group '____ + The Mechanics'MIKE
86.6%
'____ Me Maybe' - Carly Rae JepsenCALL
86.2%
'The ____ Is High' - BlondieTIDE
86%
Courtney Love's band '____' ('Celebrity Skin')HOLE
84.7%
'Mother's ____' - Red Hot Chili Peppers' albumMILK
83.1%
David Bowie album 'The Man Who ____ the World 'SOLD
82.9%
60's duo '____ and Dee Dee' ('The Mountain's High')DICK
82.5%
'Hurts So ____' - John CougarGOOD
81%
'The Dark Side Of The ____' - Pink Floyd albumMOON
80.8%
American musical duo '____ & Oates'HALL
80.4%
'know when to hold 'em, know when to ____ 'em' - Kenny Rogers LyricsFOLD
80.1%
'Hit Me With Your Best ____' - Pat BenatarSHOT
80%
'Give It __ __' - Timbaland/Furtado/TimberlakeTO ME
79.4%
'Little Red Riding ____' - Big BopperHOOD
79.4%
'Rikki Don't ____ That Number' - Steely DanLOSE
79.2%
'If I Could ____ Back Time' - CherTURN
79.1%
80's music variety show 'Solid ____'GOLD
78.8%
'Norwegian ____ (This Bird Has Flown)' - The BeatlesWOOD
78.6%
Notational indicator of beats per bar: '____ Signature'TIME
78.2%
U2 frontmanBONO
77.4%
American rap metal band '____ Against The Machine'RAGE
77.1%
'A ____ in the Road' - The MiraclesFORK
76.4%
'____ us a song, you're the piano man…' - Billy Joel lyricsSING
75.9%
American punk rock band '____ Against'RISE
75.9%
'____ Me Now' - Thompson TwinsHOLD
75.7%
'____ Me The Way' - Peter FramptonSHOW
75.1%
Music GenreFOLK
74.4%
American singer-songwriter 'Bruno ____' ('Grenade')MARS
74.3%
'____ On Over' - Shania Twain AlbumCOME
74.1%
What Johnny Cash's 'Ring Of Fire' doesBURN
74.1%
'Blueberry ____' - Fats DominoHILL
73.9%
'Jagged Little ____' - Alanis Morissette AlbumPILL
73.8%
'I am woman, hear me ____...' - Helen Reddy lyricROAR
73.8%
'Handle With ____' - Traveling WilburysCARE
73.1%
English electronic pop duo 'Pet Shop ____'BOYS
72.9%
'Desert ____' - StingROSE
72.5%
'Good Girl ____ Bad' - Rihanna albumGONE
72.4%
'____ Kind of Wonderful' - The DriftersSOME
71.9%
American rock band '____ Out Boy'FALL
71.5%
American R&B singer-songwriter '____ Braxton'TONI
71.3%
'Penny ____' - The BeatlesLANE
71%
'Thunder ____' - Bruce SpringsteenROAD
71%
'Bad To The ____' - George Thorogood & The DestroyersBONE
70.6%
'____ In The Sky With Diamonds' - The BeatlesLUCY
70.4%
'Single Ladies (Put a ____ on It)' - Beyoncé KnowlesRING
69.8%
American funk group 'Kool & The ____'GANG
69.7%
'Somebody ____ Me' - The KillersTOLD
68.9%
'The Song Remains The ____' - Led ZeppelinSAME
68.6%
'…I am still just a rat in a ____' - Smashing Pumpkins lyricsCAGE
68.3%
'Ring ____' - the sound made by a telephone to indicate a callTONE
68.3%
'Swing The ____' - Jive Bunny & The MastermixersMOOD
68.3%
'Let The Eagle ____' - written by U.S. Attorney General John AshcroftSOAR
68.1%
'Some Guys Have All The ____' - The PersuadersLUCK
68.1%
'Down in Mississippi (Up __ __ Good)' - SugarlandTO NO
67.6%
Musical InstrumentBASS
67.4%
Bruce Springsteen nicknameBOSS
67.1%
'____ Tissue' - Red Hot Chili PeppersSCAR
66.7%
A group with three membersTRIO
66.7%
A melodyTUNE
66.3%
American band 'Earth, ____ and Fire'WIND
66.1%
'With Arms ____ Open' - CreedWIDE
65.8%
American pianist, singer-songwriter '____ Amos'TORI
65.7%
Percussion InstrumentGONG
65.7%
Better Than Ezra album 'How Does Your Garden ____?'GROW
65.7%
'____ Me Under' - Dream TheaterPULL
65.4%
The concluding passage of a piece of musicCODA
65%
Swedish pop group 'Ace Of ____'BASE
64.7%
Large party or festival, often characterized by dance musicRAVE
64.4%
'Dire Straits' frontman '____ Knopfler'MARK
64.2%
American rock band 'The ____' ('You Might Think')CARS
64.2%
'____ It Like It's Hot' - Snoop DoggDROP
64.2%
'____ To Be My Baby' - Bon JoviBORN
64.1%
American musician, singer,-songwriter 'Sheryl ____'CROW
63.9%
'Don't ____ Me Now' - QueenSTOP
63.9%
'Light My ____' - The DoorsFIRE
63.6%
'Jenny ____ The Block' - Jennifer LopezFROM
63.6%
'____ A Gong (Get It On)' - T. RexBANG
63.5%
'I Don't Want To ____ A Thing' - AerosmithMISS
63.5%
'Mama ____ A Song' - Bill AndersonSANG
63.3%
Jones, Waits and PettyTOMS
63.3%
Pearl Jam album 'No ____'CODE
63.2%
'____ In The Attic' - Aerosmith albumTOYS
62.9%
Audio equipment manufacturer, specializing in speakersBOSE
62.9%
'September ____' - Neil DiamondMORN
62.2%
Hint Word % Correct
'Honky-____ Women' - The Rolling StonesTONK
62.1%
'____ Car' - Tracy ChapmanFAST
62%
'You Ain't ____ Nothing Yet' - Bachman Turner OverdriveSEEN
61.9%
'Suite Bergamasque: Clair De ____' - Claude DebussyLUNE
61.4%
American alt rock band '____ The Wet Sprocket'TOAD
61.3%
'Candy ____' - 50 CentSHOP
60.9%
American Christian rock/pop band 'Sixpence ____ The Richer'NONE
60.7%
'The ____ Are Alright' - The WhoKIDS
60.6%
'____' - Ednaswap (and Natalie Imbruglia)TORN
60.5%
'Fall At Your ____' - Crowded HouseFEET
60.2%
'You ____ The Words Right Out Of My Mouth' - Meat LoafTOOK
59.8%
'Highway To ____' - AC/DCHELL
59.5%
Puff Daddy or P. Diddy, '____ Combs'SEAN
59.4%
'The Promise' English New Wave band 'When In ____'ROME
59.4%
American musician and producer 'Kanye ____'WEST
58.9%
'(Let Me Be Your) Teddy ____' - Elvis PresleyBEAR
58.7%
Annie Lennox, Lulu or Billy ConnollySCOT
58.6%
'____ a Horse (Ride a Cowboy)' - Big & RichSAVE
58.5%
Music GenrePUNK
58.5%
'I ____ The Line' - Johnny CashWALK
58.2%
'A Little ____ Conversation' - Elvis PresleyLESS
58.2%
'____' - PrinceKISS
58%
Vocal improvisation technique with wordless vocablesSCAT
57.9%
'The ____' - Pink Floyd AlbumWALL
57.7%
American country singer-songwriter and musician '____ Williams'HANK
57.6%
Turn over a record or a tape to play the other sideFLIP
57.6%
'____ of 1,000 Dances' - Wilson PickettLAND
57.3%
'Wrong 'Em ____' - The ClashBOYO
57.2%
Elvis Presley's quantity of burning love?HUNK
57.2%
'___ On Me' - Bill WithersLEAN
56.9%
'For Whom The ____ Tolls' - MetallicaBELL
56.8%
'Free Your ____' - En VogueMIND
56.8%
Critical and commercial failureFLOP
56.5%
Black Eyed Peas .i.am MemberWILL
56.3%
Linda McCartney?WING
56.2%
'Shout It Out ____' - KissLOUD
56%
'____ me your ears and I'll sing you a song…' - The Beatles lyricsLEND
55.7%
British pop band '____ Young Cannibals'FINE
55.7%
'____ That Funky Music' - Wild CherryPLAY
55.5%
'____ Astley' - British singerRICK
55.4%
Dub____ - Music genre?STEP
55.4%
British new wave group 'Orchestral Manoeuvres In The ____'DARK
55.3%
'____ It' - Michael JacksonBEAT
55.2%
American country-folk-rock group 'Nitty Gritty Dirt ____'BAND
55%
American rock band 'Grateful ____'DEAD
55%
'In The Hall Of The Mountain ____' - Edvard GriegKING
54.9%
Alecia Beth Moore's stage namePINK
54.8%
'Circle In The ____' - Belinda CarlisleSAND
54.5%
Canadian alt band 'Crash ____ Dummies'TEST
54.3%
Wordless tones normally produced with a closed mouthHUMS
54.1%
1904 Hit 'Come Take A ____ In My Airship' - Ren ShieldsTRIP
54%
'Get A ____' - Aerosmith AlbumGRIP
53.7%
'I Try' Singer ____ GrayMACY
53.4%
'Too ____ Rappers' - Beastie BoysMANY
53%
'The ____ Of Destiny' - Tenacious DPICK
52.9%
'____ Moon Fever' - Tom Petty AlbumFULL
52.8%
'The Night The Lights ____ Out In Georgia' - Vicki LawrenceWENT
52.8%
'The Birds and the ____' - Jewel AkensBEES
52.7%
American singer and television personality 'Perry ____'COMO
52.6%
'We Don't ____ Anymore' - Cliff RichardTALK
52.6%
'____!' - Beatles album and songHELP
52.4%
'The ____ Monster' - Lady Gaga AlbumFAME
52.3%
'Live ____' - Debut song by Mötley CrüeWIRE
52.3%
Poison lead singer ____ MichaelsBRET
52%
'If You Could ____ My Mind' - Gordon LightfootREAD
51.9%
'Long ____ Sally' - Little RichardTALL
51.7%
Guitar partFRET
51.6%
'I ____ You' - Depeche ModeFEEL
51.3%
'Even ____' - Pearl JamFLOW
51.1%
Rolling Stones Bassist WymanBILL
51.1%
'____ of Confusion (That's What the World Is Today)' - The TemptationsBALL
51%
'Up Around The ____' - CCRBEND
51%
'Common People' and 'This Is Hardcore' Brit Alt BandPULP
50.8%
Cobra Starship Album 'Hot ____'MESS
50.5%
Stage accessory?PROP
50.1%
American rap group '2 Live ____'CREW
49.2%
'____ Rock Cafe' Restaurant ChainHARD
49.1%
'____ Drop' - The DriftersDRIP
49.1%
'____ Me Down World' - The Guess WhoHAND
48.7%
'Oo ee oo ah ah ting ____ walla walla bing bang...' - David Seville lyricTANG
48.5%
'My Sweet ____' - George HarrisonLORD
48.4%
Hip-Hop Group 'Wu-Tang ____'CLAN
48.3%
British R&B band named after lead singer '____' ('Smooth Operator')SADE
47.8%
'The Humpty Dance' singer's alter ego, 'Humpty ____'HUMP
47.7%
A short, stock pattern or phrase of single-noted musicLICK
47.7%
'Born In ____ L.A.' - Cheech & ChongEAST
47.5%
American singer-songwriter and musician '____ Paisley'BRAD
47.4%
Show appreciation for a great performanceCLAP
47.3%
'There's A Tear In My ____' - Hank WilliamsBEER
47.3%
'____ Of Fools' - Robert PlantSHIP
47.3%
'____ Queen' - Lil WaynePROM
46.6%
'Get ____' - The BeatlesBACK
46.5%
Broadway rock musicalRENT
46.3%
American Jazz Saxophone Pioneer Steve ____LACY
46.2%
'____ Reaper of Love' - The TurtlesGRIM
46.2%
'Diamond ____' - Blue RodeoMINE
46.1%
'Less ____ Jake' - American ska bandTHAN
46.1%
Critically praiseLAUD
46.1%
'____ Might Be Giants' - American Alt BandTHEY
46%
Foot-powered reed organ '____ Organ'PUMP
45.9%
Hint Word % Correct
A brief playback of video or musicCLIP
45.7%
Spice GirlPOSH
45.4%
Ray or Dave Davies?KINK
45%
Michele (Glee), Sunshine and SalongaLEAS
44.9%
Single-channel soundMONO
44.6%
Folds, Harper and KowalewiczBENS
44.6%
'And the Green Grass ____ All Around' - Children's SongGREW
44.4%
'Take ____' - English pop band that featured Robbie WilliamsTHAT
44.3%
'____ On Down The Road' - Diana Ross & Michael JacksonEASE
44.3%
'____ Tang Ding Dong (I am The Japanese Sandman)' - The CellosRANG
44.3%
String instrumentHARP
44%
Bonnie Raitt album 'The ____'GLOW
43.8%
'____ Value' - Phil Collins AlbumFACE
43.6%
'____ It' - Salt-n-PepaPUSH
43.2%
Metallica lead guitarist '____ Hammett'KIRK
43.2%
'____ Of You' - Foo FightersBEST
43.2%
American Band 'Bowling For ____'SOUP
42.4%
'Jump ____ Fall' - Taylor SwiftTHEN
42.3%
Queen's Brian May protested the 'badger ____' in 2013CULL
42.2%
'Come ____ Away' - StyxSAIL
42.1%
Music GenreSOUL
41.8%
'Please Don't Go' - R&B Artist ____TANK
41.7%
'Cracked ____ View' - Hootie & The Blowfish albumREAR
41.5%
'Simple ____' - French-Canadian BandPLAN
41.4%
'____ At The Moon' - Ozzy Osbourne AlbumBARK
41.4%
American singer '____' ('Loser')BECK
41.2%
'____ So High' - Tal BachmanSHE'S
41.1%
Michael Stipe, Robert Halford and Seal?BALD
40.4%
American rock band '____' ('Shimmer')FUEL
40.3%
'The Time ____' - The Rocky Horror ShowWARP
40.3%
'Can't ____ To Make You Mine' - The SeedsSEEM
40.1%
'____ Makes You Beautiful' - One DirectionWHAT
40.1%
'____ ____' - Tommy James and the ShondellsMONY
39.5%
'Monster ____' - Bobby PickettMASH
39.4%
American rapper and actress 'Da ____'BRAT
39.3%
A pitched sound, or the musical notation to indicate suchNOTE
39.2%
Medieval poet and musicianBARD
39.1%
'____ McQuickly', member of the fictional Beatles parody group The RutlesDIRK
39.1%
'Let's Go To The ____' - Robin SparklesMALL
38.8%
Ed Sullivan's catchphrase '...a really big ____!'SHEW
38.6%
Guitar partNECK
38.3%
Guitarist for 'The Runaways' and solo artist 'Lita ____'FORD
38.2%
'Beez In The ____' - Nicki MinajTRAP
37.9%
'____ Cave' - Australian musician ('The Ship Song')NICK
37.9%
'It's a ____' - The VandalsFACT
37.7%
Band, Farm and LiveAIDS
36.8%
Canadian pop/rock indie band '____'REND
36.3%
Full body-contact danceMOSH
36%
British post-punk band 'The ____' ('She Sells Sanctuary')CULT
36%
'____ Of The Cat' - Al StewartYEAR
35.9%
'You Can't Be True, ____' - music by Hans OttenDEAR
34.9%
J-Pop star, Member of P.O.R. and 'I've Sound'MOMO
34.7%
Roadie?AIDE
34.6%
English pop duo from the '80sWHAM!
34.4%
Computer generated annoying thing, 'Crazy ____'FROG
34.1%
'Leave Out All The ____' - Linkin ParkREST
34.1%
'Touch Of ____' - Grateful DeadGREY
34.1%
'__ __ It Again' - Timbaland & MagooWE AT
33.9%
'Car ____' - Christina AguileraWASH
33.7%
Big Band hit 'Main ____' - Duke EllingtonSTEM
33.7%
English rapper Jahmaal Noel Fyffe's stage name ('Diamond Rings')CHIP
33.6%
'Can't Help but Wait' Rapper ____ SongzTREY
33.4%
'Sweet ____' - The Velvet UndergroundJANE
32.9%
'____' - Canadian Rock Band ('Closer To The Heart)'RUSH
32.5%
'____ That Bass' - Ella FitzgeraldSLAP
32.3%
British singer-songwriter David ____ - 'White Ladder'GRAY
32.1%
Real name of Gun's N' Roses' SlashSAUL
32.1%
American rock/metal band '____' ('Stinkfist')TOOL
31.9%
'____ In The Rain' - Led ZeppelinFOOL
31.1%
Archaic Welsh Lyre-like instrument, also called a 'Crowd'ROTE
31.1%
Canadian rock group 'Teenage ____'HEAD
30.4%
'____' - Justin BieberPRAY
30.2%
1912 Opera set in Ancient ItalyROMA
30.1%
'_._._._' Heavy metal band ('I Wanna Be Somebody')W.A.S.P.
29.9%
'More Songs About Buildings And ____' - Talking Heads AlbumFOOD
28.9%
'____ On Sunday' - Flo RidaMAIL
28.9%
70's American Trio 'The ____ Corporation'HUES
28.6%
'____ Never Sleeps' - Neil Young AlbumRUST
28.5%
'____' - Pitbull feat. Lil JonTOMA
28.4%
Music Genre (abbr.)TRAD.
28.3%
American indie rock band '____ ____ ____S'YEAH
27.9%
'____ Kid' - The WhoSLIP
27.8%
American contemporary piano artist 'John ____'TESH
26.8%
American country music rapper '____ Ford'COLT
26.4%
American country bandleader 'Jimmy ____'HEAP
25.9%
Tedeschi, Foley and BoyleSUES
25.6%
Fleeting 1990's R&B Group ('5-4-3-2 (Yo! Time Is Up)')JADE
24.8%
Ghetto Story rapper, was BabyCHAM
23.5%
'Bad Religion' founder ____ GraffinGREG
23.4%
'Back ____' - song from Queen's album Hot SpaceCHAT
20.4%
American rapper '____ N9ne' ('All 6s And 7s')TECH
19.9%
Musical term 'Con ____' - with spirit, with vigourBRIO
19.9%
'Il ____' - Italian operatic pop trioVOLO
18.8%
90's English rock band 'Feline' lead singer '____ Prebble'GROG
18.5%
American Blues Guitarist John ____ ('Ice Cream Man')BRIM
17.6%
'A Little Bit Of ____' - The JarmelsSOAP
16%
Otis Redding's Record LabelVOLT
16%
'Rhythm Is a Dancer' Group ____!SNAP
15.9%
Expression while watching Ozzy Osbourne bite off a bat's head?YECH
15.4%
'____ ____ ____' - ChumbawambaSNIP
10.2%
Remove Ads.
Support Sporcle.
Get the best of Sporcle when you Go Orange. This ad-free experience offers more features, more stats, and more fun while also helping to support Sporcle. Thank you for becoming a member.

You're not logged in!

Compare scores with friends on all Sporcle quizzes.
OR
Log In

Sporcle TV

Today on Sporcle TV


Watch our educational content, quiz creation guides, and fun videos on Sporcle TV.

Show Comments

Extras

Top Quizzes Today


Score Distribution

Paid Content

Your Account Isn't Verified!

In order to create a playlist on Sporcle, you need to verify the email address you used during registration. Go to your Sporcle Settings to finish the process.

Report this User

Report this user for behavior that violates our Community Guidelines.

Details: